| 000 | 01448nam a2200181 a 4500 | ||
|---|---|---|---|
| 005 | 20250924124344.0 | ||
| 008 | 250924s2025##################000#0#eng## | ||
| 020 | _a9780127300559 | ||
| 082 | 0 | 4 |
_a576.8 _bWAG |
| 100 | _aWagner,günter P. | ||
| 245 | 1 | 0 |
_aThe Character Concept In Evolutionary Biology _cGünter P. Wagner |
| 250 | _a1st | ||
| 260 |
_aBoston _bAcademic Press Inc _c2000 |
||
| 300 | _a622 pages | ||
| 500 | _aAlmost all evolutionary biologists, indeed all biologists, use particular features to study life. Evolutionary biologists use these characteristics or features in a particular way to unravel a tangled evolutionary history, to document the rate of evolutionary change, or as evidence of biodiversity. "Characters" are the "data" of evolutionary biology and they can be employed differently in research, providing both opportunities and limitations. The Character Concept in Evolutionary Biology is about characters, their use, how different sorts of characters are limited, and the appropriate methods for character analysis. Leading evolutionary biologists from around the world are contributors to this authoritative review of the "character concept." Because characters and the conception of characters are central to all studies of evolution, and because evolution is the central organizing principle of biology, this book will appeal to a wide cross-section of biologists. | ||
| 650 | _aScience | ||
| 942 | _cENGLISH | ||
| 999 |
_c589303 _d589303 |
||